ARRUPE JESUIT UNIVERSITY

CORONAVIRUS -STOP THE SPREAD - CLEAN,DISINFECT,COVER

African philosophy (Record no. 19927)

MARC details
000 -LEADER
fixed length control field 00537nam a2200229Ia 4500
003 - CONTROL NUMBER IDENTIFIER
control field 0100
008 - FIXED-LENGTH DATA ELEMENTS--GENERAL INFORMATION
fixed length control field 130303s9999 xx 000 0 und d
020 ## - INTERNATIONAL STANDARD BOOK NUMBER
International Standard Book Number 1557783098
040 ## - CATALOGING SOURCE
Transcribing agency ARRUPELIB
050 ## - LIBRARY OF CONGRESS CALL NUMBER
Classification number B5375.A47 1990
300 ## - PHYSICAL DESCRIPTION
Other physical details 23 cm.
100 ## - MAIN ENTRY--PERSONAL NAME
Personal name Serequeberhan, Tsenay
245 ## - TITLE STATEMENT
Title African philosophy
245 ## - TITLE STATEMENT
Remainder of title the essential readings
260 ## - PUBLICATION, DISTRIBUTION, ETC. (IMPRINT)
Place of publication, distribution, etc New York
260 ## - PUBLICATION, DISTRIBUTION, ETC. (IMPRINT)
Name of publisher, distributor, etc Paragon House
260 ## - PUBLICATION, DISTRIBUTION, ETC. (IMPRINT)
-- 1991
300 ## - PHYSICAL DESCRIPTION
Extent 250p.
440 ## - SERIES STATEMENT/ADDED ENTRY--TITLE
Title Paragon issues in philosophy
650 ## - SUBJECT ADDED ENTRY--TOPICAL TERM
Topical term or geographic name as entry element PHILOSOPHY
942 00 - ADDED ENTRY ELEMENTS (KOHA)
Koha issues (borrowed), all copies 33
Holdings
Withdrawn status Lost status Source of classification or shelving scheme Damaged status Not for loan Collection code Home library Current library Date acquired Total Checkouts Full call number Barcode Date last seen Date checked out Copy number Price effective from Koha item type
    Library of Congress Classification     Main Collection ARRUPE LIBRARY ARRUPE LIBRARY 04/03/2013 30 B5375.A47 1990 46003090929 16/05/2025 09/01/2025 2 04/03/2013 Monograph ( Printed materials)
    Library of Congress Classification     Main Collection ARRUPE LIBRARY ARRUPE LIBRARY 04/03/2013 16 B5375.A47 1990 46004002452 16/04/2025 07/04/2025 3 04/03/2013 Monograph ( Printed materials)

 

Arrupe Library. PO Box MP320 Mt Pleasant, Harare, Zimbabwe
263 242 745411|librarian@aju.ac.zw